000 00780nam a2200253Ia 4500
003 OSt
005 20220918171407.0
006 a|||||r|||| 00| 0
007 ta
008 220917b |||||||| |||| 00| 0 eng d
020 _a9781609180690 (hbk)
_c2374.80
024 _a272,163
037 _b174, 25/07/2013, Sunrise Books
_cTextual
040 _aARTS
_cARTS
_beng
041 _2eng
_aeng
082 _aS1:75:7, Q1
100 _aRothbart Mary K.
_936311
245 0 _aBecoming who we are
_b Temperament and personality in development
260 _aNew York
_bGuilford Press U.S.A
_c2011
300 _axi, 324p.
_ccm.
650 _aPSYCHOLOGY
942 _hS1:75:7, Q1
_cTEXL
_2CC
999 _c139369
_d139369